000
00217 a2200097 4500
001
19822
100
_a
Housner, G W
245
_a
Applied mechanics statics
260
_a
_b
D.Van, Nostrand Co
_c
090
_c
14446
_d
14446
942
_a
NUST-CAE
_c
M
_c
4943
999
_c
254895
_d
254895